[Event "XII European Maccabi Games"]
[Site "Roma ITA"]
[Date "2007.07.05"]
[Round "1"]
[White "Khukhashvili, Sopiko"]
[Black "Lapidus, Mark"]
[Result "1-0"]
[WhiteElo "2392"]
[BlackElo "1821"]
[PlyCount "63"]
[EventDate "2007.07.05"]

1. e4 e6 2. f4 d5 3. e5 c5 4. Nf3 Nc6 5. c3 Nge7 6. Bd3 Ng6 7. g3 c4 8. Bc2 Bc5
9. d4 cxd3 10. Qxd3 Bd7 11. Nbd2 Qb6 12. a4 a5 13. Nb3 Be7 14. h4 h5 15. Qe2
Nf8 16. Be3 Qc7 17. Qf2 g6 18. Bb6 Qc8 19. O-O Qb8 20. Rae1 Bc8 21. Qe2 Nd7 22.
Bf2 b6 23. Bd3 Bb7 24. Ng5 Qc7 25. Nd4 Nc5 26. Bb5 Kf8 27. b4 Nd7 28. bxa5 Rxa5
29. g4 hxg4 30. Qxg4 Ra7 31. Ngxe6+ fxe6 32. Nxe6+ 1-0

[Event "XII European Maccabi Games"]
[Site "Roma ITA"]
[Date "2007.07.05"]
[Round "1"]
[White "Kleymann, Jelena"]
[Black "Klimovich, Boris"]
[Result "1-0"]
[WhiteElo "2023"]
[BlackElo "1400"]
[PlyCount "75"]
[EventDate "2007.07.05"]

1. e4 e5 2. Nf3 f6 3. Nxe5 fxe5 4. Qh5+ g6 5. Qxe5+ Qe7 6. Qxh8 Qxe4+ 7. Kd1
Ne7 8. d3 Qd5 9. Nc3 Qg8 10. Qxg8 Nxg8 11. Bf4 d6 12. Kd2 Kd8 13. Re1 Nc6 14.
Be2 Bf5 15. g4 Be6 16. h4 Kd7 17. h5 gxh5 18. Rxh5 Nf6 19. Rh4 Re8 20. g5 Nd5
21. Nxd5 Bxd5 22. Bg4+ Kd8 23. Rxh7 Rxe1 24. Rd7+ Ke8 25. Kxe1 Ne5 26. Bxe5
dxe5 27. Rxd5 Bd6 28. g6 Kf8 29. Ke2 Kg7 30. Bh5 Kh6 31. Kf3 Kg7 32. Kg4 Kf6
33. c4 b6 34. b4 a6 35. c5 bxc5 36. bxc5 Be7 37. Rd7 Bxc5 38. g7 1-0

[Event "XII European Maccabi Games"]
[Site "Roma ITA"]
[Date "2007.07.05"]
[Round "1"]
[White "Savchenko, Oleksiy"]
[Black "Gelman, Gennadiy"]
[Result "1-0"]
[WhiteElo "2100"]
[BlackElo "1400"]
[PlyCount "79"]
[EventDate "2007.07.05"]

1. d4 d5 2. c4 e6 3. Nc3 Nf6 4. cxd5 exd5 5. Bg5 Be7 6. e3 Bf5 7. Bxf6 Bxf6 8.
Qb3 O-O 9. Qxd5 Qxd5 10. Nxd5 Bd8 11. Nf3 Be4 12. Nc3 Bxf3 13. gxf3 Nd7 14. Bh3
Nb6 15. O-O-O f5 16. Kb1 Bh4 17. Rd2 Rae8 18. Nb5 Nd5 19. Rc1 Re7 20. Rc5 c6
21. Nd6 g6 22. e4 Bg5 23. Rd1 Bf4 24. Nxf5 gxf5 25. exd5 Bd6 26. Rc3 cxd5 27.
Re3 Rg7 28. Rh1 Bf4 29. Ree1 Rf6 30. Re8+ Kf7 31. Rd8 Bd6 32. Bxf5 Rxf5 33.
Rxd6 Ke7 34. Rh6 Rxf3 35. Re1+ Kf8 36. Rd6 Rxf2 37. Rxd5 Rgg2 38. Rd8+ Kg7 39.
Rd7+ Rf7 40. Ree7 1-0

[Event "XII European Maccabi Games"]
[Site "Roma ITA"]
[Date "2007.07.05"]
[Round "1"]
[White "Shmirina, Evgenija"]
[Black "Selifanov, Konstantin"]
[Result "1-0"]
[WhiteElo "2130"]
[BlackElo "1440"]
[PlyCount "71"]
[EventDate "2007.07.05"]

1. e4 e6 2. d4 d5 3. exd5 exd5 4. Bd3 Bd6 5. Nc3 Ne7 6. Nge2 O-O 7. Be3 Nbc6 8.
Qd2 Be6 9. O-O-O a6 10. Nf4 Qd7 11. Nh5 Bg4 12. Nxg7 Bxd1 13. Rxd1 Kxg7 14.
Bh6+ Kg8 15. Qg5+ Ng6 16. Qf6 Bf4+ 17. Bxf4 Nxf4 18. Qxf4 f6 19. Bf5 Qg7 20.
Nxd5 Qg5 21. Qxg5+ fxg5 22. Nxc7 Rad8 23. Be6+ Kh8 24. d5 Ne7 25. d6 Nc6 26. f3
Ne5 27. Rd5 Nd7 28. c4 Rf4 29. b3 Nf6 30. Rd3 Ne8 31. c5 Rf8 32. Kc2 Ng7 33.
Bd5 Rf5 34. b4 Rb8 35. d7 Rff8 36. c6 1-0

[Event "XII European Maccabi Games"]
[Site "Roma ITA"]
[Date "2007.07.05"]
[Round "1"]
[White "Smolkina, Milana"]
[Black "Yuneev, Alexey"]
[Result "0-1"]
[WhiteElo "1885"]
[BlackElo "2427"]
[PlyCount "50"]
[EventDate "2007.07.05"]

1. e4 e5 2. Nf3 Nc6 3. Bb5 a6 4. Ba4 Nf6 5. O-O d6 6. Re1 b5 7. Bb3 Na5 8. d3
Be7 9. c3 Nxb3 10. axb3 Bb7 11. Nbd2 O-O 12. Nf1 Re8 13. Ng3 g6 14. Qc2 Bf8 15.
Bg5 h6 16. Bd2 d5 17. exd5 Qxd5 18. Ne4 Qc6 19. Re2 Bg7 20. Rae1 Nd7 21. Qc1 f5
22. Ng3 Nc5 23. Qc2 Rad8 24. d4 Ne6 25. dxe5 Nd4 0-1

[Event "XII European Maccabi Games"]
[Site "Roma ITA"]
[Date "2007.07.05"]
[Round "1"]
[White "Zaika, Alexey"]
[Black "Gutmans, Mihail"]
[Result "1-0"]
[WhiteElo "1400"]
[BlackElo "2117"]
[PlyCount "67"]
[EventDate "2007.07.05"]

1. d4 c5 2. d5 d6 3. c4 e5 4. e4 Be7 5. Bd3 Nd7 6. Nc3 Ngf6 7. f4 exf4 8. Bxf4
O-O 9. Nf3 Ng4 10. O-O Nge5 11. Nxe5 Nxe5 12. Bxe5 dxe5 13. Be2 g6 14. Bg4 f5
15. exf5 gxf5 16. Bh3 Bg5 17. Qh5 Kh8 18. Rae1 Qe7 19. d6 Qg7 20. Ne4 fxe4 21.
Rxf8+ Qxf8 22. Bxc8 e3 23. Rf1 Qxc8 24. Qxg5 Qe6 25. Rf6 e2 26. Kf2 Qxc4 27.
Qxe5 Qd4+ 28. Qxd4 cxd4 29. Kxe2 Kg7 30. Re6 Kf7 31. Re7+ Kg6 32. Rxb7 Rd8 33.
d7 Kf5 34. Kd3 1-0

[Event "XII European Maccabi Games"]
[Site "Roma ITA"]
[Date "2007.07.06"]
[Round "2"]
[White "Angel, Harold Bernard"]
[Black "De Vries, Joel"]
[Result "1-0"]
[WhiteElo "1400"]
[BlackElo "1700"]
[PlyCount "53"]
[EventDate "2007.07.05"]

1. d4 c5 2. d5 e5 3. dxe6 fxe6 4. e4 Nf6 5. Bg5 Be7 6. e5 Nd5 7. c4 Nb6 8. Bxe7
Qxe7 9. Nf3 Nc6 10. Nc3 O-O 11. Bd3 Rxf3 12. Qxf3 Nxe5 13. Qe4 Nxd3+ 14. Qxd3
d5 15. b3 Bd7 16. O-O d4 17. Ne4 Bc6 18. Rfe1 Nd7 19. Qg3 Bxe4 20. Rxe4 e5 21.
f4 Re8 22. fxe5 Nb8 23. e6 Nc6 24. Rf1 Qd8 25. Qg4 Qd6 26. Qf5 h6 27. Qf7+ 1-0

[Event "XII European Maccabi Games"]
[Site "Roma ITA"]
[Date "2007.07.06"]
[Round "2"]
[White "Borzova, Asya"]
[Black "Leveikina, Jevgenija"]
[Result "1/2-1/2"]
[WhiteElo "1758"]
[BlackElo "2033"]
[PlyCount "32"]
[EventDate "2007.07.05"]

1. d4 d5 2. c4 dxc4 3. Nf3 Nf6 4. e3 e6 5. Bxc4 Be7 6. Nc3 O-O 7. O-O Nbd7 8.
Qe2 a6 9. a3 b5 10. Bd3 c5 11. e4 cxd4 12. Nxd4 Ne5 13. Be3 Nxd3 14. Nc6 Qc7
15. Nxe7+ Qxe7 16. Qxd3 Rd8 1/2-1/2

[Event "XII European Maccabi Games"]
[Site "Roma ITA"]
[Date "2007.07.06"]
[Round "2"]
[White "David, Dan"]
[Black "Avdeyeva, Viktoriya"]
[Result "0-1"]
[WhiteElo "1400"]
[BlackElo "2063"]
[PlyCount "52"]
[EventDate "2007.07.05"]

1. e4 e5 2. Bc4 Nf6 3. Nf3 Nc6 4. Ng5 d5 5. exd5 Na5 6. Bb5+ Bd7 7. Qe2 Be7 8.
a3 Nxd5 9. Bxd7+ Qxd7 10. Qxe5 f6 11. Qe6 fxg5 12. Qxd7+ Kxd7 13. d3 Nc6 14.
Be3 Rae8 15. O-O Bf6 16. c3 Nxe3 17. fxe3 Rxe3 18. Rf2 Re1+ 19. Rf1 Re2 20. Rf2
Rhe8 21. Nd2 Rxf2 22. Kxf2 Ne5 23. Rd1 Nxd3+ 24. Kf1 Nxb2 25. Rb1 Bxc3 26. Nf3
g4 0-1

[Event "XII European Maccabi Games"]
[Site "Roma ITA"]
[Date "2007.07.06"]
[Round "2"]
[White "Degtiarev, Evgeny"]
[Black "Shmirina, Evgenija"]
[Result "1-0"]
[WhiteElo "2385"]
[BlackElo "2130"]
[PlyCount "67"]
[EventDate "2007.07.05"]

1. d4 e6 2. c4 f5 3. g3 Nf6 4. Bg2 d5 5. Nh3 c6 6. O-O Bd6 7. Bf4 Be7 8. Nc3
O-O 9. Qc2 Ne4 10. Rad1 Nd6 11. Bxd6 Bxd6 12. f3 f4 13. gxf4 Bxf4 14. Nxf4 Rxf4
15. e3 Rh4 16. f4 Nd7 17. Qf2 Rh6 18. e4 Nf6 19. h3 Nxe4 20. Nxe4 dxe4 21. Qe3
Qh4 22. Qxe4 Bd7 23. Rd3 Rf8 24. Qe5 Rhf6 25. Rdf3 Be8 26. Kh2 Bh5 27. Rg3 g6
28. Rb3 R8f7 29. d5 cxd5 30. cxd5 Bg4 31. d6 b6 32. Rc3 g5 33. Rc8+ Kg7 34.
fxg5 1-0

[Event "XII European Maccabi Games"]
[Site "Roma ITA"]
[Date "2007.07.06"]
[Round "2"]
[White "Klein, David"]
[Black "Gutmans, Mihail"]
[Result "0-1"]
[WhiteElo "2013"]
[BlackElo "2117"]
[PlyCount "100"]
[EventDate "2007.07.05"]

1. e4 c5 2. Nf3 e6 3. d4 cxd4 4. Nxd4 a6 5. Bd3 Bc5 6. Nb3 Be7 7. O-O d6 8. Nc3
Nf6 9. Be3 Qc7 10. f4 Nbd7 11. a4 b6 12. Qf3 Bb7 13. Qg3 g6 14. Rae1 Rc8 15.
Kh1 Nc5 16. Nxc5 bxc5 17. e5 Nh5 18. Qh3 d5 19. Bd2 Ng7 20. Qh6 Bf8 21. Qg5 h6
22. Qg3 c4 23. Be2 Nf5 24. Qh3 Rb8 25. Nd1 Nd4 26. Qc3 Nc6 27. Qg3 Nd4 28. Qc3
Bc5 29. Nf2 Bc6 30. b3 Nf5 31. Qh3 Bxf2 32. Rxf2 Qb6 33. Rff1 cxb3 34. cxb3
Qxb3 35. Bd3 Qa2 36. Bc3 d4 37. Ba5 Ne3 38. Rg1 Rb2 39. Bf1 Qxa4 40. Bc7 Qb4
41. Rxe3 dxe3 42. Qxe3 Qe4 43. Qc1 Rb1 44. Qd2 O-O 45. Bd6 Rc8 46. Bd3 Rxg1+
47. Kxg1 Qd4+ 48. Kf1 Bb5 49. Ke2 Qe4+ 50. Kf2 Bxd3 0-1

[Event "XII European Maccabi Games"]
[Site "Roma ITA"]
[Date "2007.07.06"]
[Round "2"]
[White "Kleymann, Jelena"]
[Black "Davidov, Samir Fatali Oglu"]
[Result "1/2-1/2"]
[WhiteElo "2023"]
[BlackElo "2314"]
[PlyCount "98"]
[EventDate "2007.07.05"]

1. e4 e5 2. Nf3 Nc6 3. Bb5 a6 4. Ba4 Nf6 5. O-O Be7 6. Re1 b5 7. Bb3 O-O 8. c3
d5 9. exd5 Nxd5 10. h3 Bb7 11. d4 exd4 12. cxd4 Bf6 13. Nc3 Na5 14. Bc2 Nb4 15.
Be4 Re8 16. a4 c6 17. Bf4 Nd5 18. Bxd5 Rxe1+ 19. Nxe1 cxd5 20. axb5 axb5 21.
Nxb5 Qb6 22. Nd6 Bc6 23. Be5 Bxe5 24. dxe5 Rf8 25. Nf5 Re8 26. Qd4 Qc7 27. Nd3
Nb3 28. Ra7 Nxd4 29. Rxc7 Nxf5 30. Rxc6 Rb8 31. b4 Kf8 32. Rc5 Ne7 33. b5 f6
34. exf6 gxf6 35. Nf4 d4 36. Ne6+ Kf7 37. Nxd4 Rd8 38. Nc6 Rd1+ 39. Kh2 Nd5 40.
Na7 Rd2 41. Kg3 f5 42. Kf3 Ke6 43. g3 Rd3+ 44. Ke2 Rb3 45. Kd2 Kd6 46. Rc6+ Ke5
47. Rc4 Rb2+ 48. Rc2 Rb1 49. Rc4 Rb2+ 1/2-1/2

[Event "XII European Maccabi Games"]
[Site "Roma ITA"]
[Date "2007.07.06"]
[Round "2"]
[White "Klimovich, Boris"]
[Black "Smolkina, Milana"]
[Result "0-1"]
[WhiteElo "1400"]
[BlackElo "1885"]
[PlyCount "72"]
[EventDate "2007.07.05"]

1. e4 c5 2. d4 cxd4 3. Qxd4 Nc6 4. Qc3 Nf6 5. e5 Nd5 6. Qd2 Nb6 7. f4 e6 8. Nf3
d6 9. exd6 Bxd6 10. Bb5 Qc7 11. Bxc6+ Qxc6 12. Nc3 O-O 13. b3 Bb4 14. Bb2 Nd5
15. Ne5 Bxc3 16. Bxc3 Qxc3 17. Qxc3 Nxc3 18. Kd2 Nd5 19. Rad1 Nxf4 20. g3 Rd8+
21. Kc1 Ne2+ 22. Kb2 Nd4 23. c3 f6 24. Rxd4 Rxd4 25. cxd4 fxe5 26. dxe5 Bd7 27.
h4 Bc6 28. Rd1 Kf7 29. Rf1+ Ke7 30. a3 Rf8 31. Rxf8 Kxf8 32. Kc3 Kf7 33. Kd4
Kg6 34. Kc5 Kf5 35. Kd6 Bd5 36. b4 Kg4 0-1

[Event "XII European Maccabi Games"]
[Site "Roma ITA"]
[Date "2007.07.06"]
[Round "2"]
[White "Lapidus, Mark"]
[Black "Gabovits, Illia"]
[Result "1-0"]
[WhiteElo "1821"]
[BlackElo "1400"]
[PlyCount "133"]
[EventDate "2007.07.05"]

1. Nf3 d5 2. c4 c6 3. e3 Bg4 4. d4 e6 5. Nc3 Nf6 6. Bd3 Be7 7. O-O O-O 8. h3
Bh5 9. Be2 Ne4 10. Nxe4 dxe4 11. Nd2 Bxe2 12. Qxe2 f5 13. Nb3 Nd7 14. Rd1 Nf6
15. Bd2 Qe8 16. Nc1 g5 17. Qe1 Qg6 18. Ne2 Bd6 19. Bb4 Bxb4 20. Qxb4 Rf7 21.
Qd6 Nh5 22. d5 cxd5 23. cxd5 Rf6 24. Nd4 exd5 25. Qxd5+ Qf7 26. Qxf7+ Rxf7 27.
Rac1 Rd8 28. Rc5 Ng7 29. Rdc1 h6 30. Re5 Kh7 31. g4 fxg4 32. hxg4 Rdf8 33. Rc2
Re8 34. Rcc5 Rfe7 35. Red5 Kg8 36. Rd6 Ne6 37. Nxe6 Rxe6 38. Rxe6 Rxe6 39. Rc7
Rb6 40. b3 Kf8 41. Kf1 Ke8 42. Ke1 a6 43. Kd2 Rd6+ 44. Ke2 b5 45. Ra7 Rf6 46.
Rc7 Kd8 47. Ra7 Ke8 48. a4 bxa4 49. bxa4 Kd8 50. Rb7 Re6 51. f3 exf3+ 52. Kxf3
Kc8 53. Rf7 Kd8 54. e4 Ke8 55. Ra7 Kd8 56. Ke3 Rb6 57. a5 Rd6 58. Rb7 Ke8 59.
Rb6 Ke7 60. Rxd6 Kxd6 61. Kd4 Ke6 62. e5 Ke7 63. Kd5 Kd7 64. e6+ Ke7 65. Ke5
Ke8 66. Kf6 Kf8 67. Kg6 1-0

[Event "XII European Maccabi Games"]
[Site "Roma ITA"]
[Date "2007.07.06"]
[Round "2"]
[White "Ni, Polina"]
[Black "Barokas, Avi"]
[Result "1-0"]
[WhiteElo "1963"]
[BlackElo "1400"]
[PlyCount "61"]
[EventDate "2007.07.05"]

1. e4 e5 2. Nf3 Nc6 3. Bb5 a6 4. Ba4 Nf6 5. O-O Be7 6. Re1 b5 7. Bb3 d6 8. c3
O-O 9. h3 Re8 10. d4 Bf8 11. Ng5 Re7 12. d5 Na7 13. Nd2 h6 14. Ngf3 Nh7 15. Nf1
f5 16. exf5 Bxf5 17. g4 Bg6 18. Nh4 Bf7 19. Bc2 Re8 20. Nf5 Nc8 21. Qd3 Bg6 22.
Nxh6+ gxh6 23. Qxg6+ Bg7 24. Bxh6 Qf6 25. Qxe8+ Nf8 26. Bxg7 Qxg7 27. Ng3 Qh6
28. Qh5 Qd2 29. Be4 Ne7 30. Nf5 Nxd5 31. Bxd5+ 1-0

[Event "XII European Maccabi Games"]
[Site "Roma ITA"]
[Date "2007.07.06"]
[Round "2"]
[White "Ni, Viktorija"]
[Black "Grunberg, Mihai Lucian"]
[Result "0-1"]
[WhiteElo "2147"]
[BlackElo "2472"]
[PlyCount "75"]
[EventDate "2007.07.05"]

1. d4 g6 2. c4 Bg7 3. Nc3 c5 4. e3 Nf6 5. Nf3 O-O 6. Be2 cxd4 7. exd4 d5 8. O-O
Nc6 9. h3 Be6 10. b3 Rc8 11. Bb2 dxc4 12. bxc4 Na5 13. d5 Bf5 14. Nd2 Nxd5 15.
cxd5 Bxc3 16. Bxc3 Rxc3 17. Nf3 Rc5 18. Qd2 Qxd5 19. Qh6 Be4 20. Rfd1 Qh5 21.
Qe3 Bxf3 22. Bxf3 Qe5 23. Qxe5 Rxe5 24. Rd7 Rb8 25. Rc1 Kf8 26. Rcc7 a6 27. Bd5
Re1+ 28. Kh2 h5 29. Kg3 b5 30. Ra7 Rb6 31. Rd8+ Kg7 32. Rda8 Rd6 33. Rxa6 Rxd5
34. Rxa5 Rg5+ 35. Kf3 Rf5+ 36. Kg3 Re2 37. Re8 Rfxf2 38. Rxe7 0-1

[Event "XII European Maccabi Games"]
[Site "Roma ITA"]
[Date "2007.07.06"]
[Round "2"]
[White "Selifanov, Konstantin"]
[Black "Herzfeld, Adam"]
[Result "1-0"]
[WhiteElo "1440"]
[BlackElo "1800"]
[PlyCount "89"]
[EventDate "2007.07.05"]

1. e4 e6 2. d4 d5 3. exd5 exd5 4. Bd3 c5 5. c3 Nc6 6. Ne2 Bd6 7. O-O Nge7 8.
Be3 c4 9. Bc2 Qc7 10. h3 f5 11. Qd2 Ng6 12. Na3 a6 13. Rad1 O-O 14. f4 Qe7 15.
Nb1 Bd7 16. Rde1 Rae8 17. Ng3 Nh4 18. Bd1 Rf6 19. Qf2 Re6 20. Bd2 Qf7 21. Bh5
Ng6 22. Rxe6 Rxe6 23. Be3 b5 24. Nd2 Qf8 25. Bxg6 Rxg6 26. Nf3 a5 27. Ne5 Bxe5
28. fxe5 Ne7 29. Ne2 Rb6 30. Nf4 g5 31. Nh5 f4 32. Bc1 Bf5 33. Nf6+ Kh8 34. Qf3
Qf7 35. Kh2 b4 36. Bd2 Bd3 37. Rc1 Rb5 38. Qg4 h6 39. Qd7 Rb8 40. Nxd5 f3 41.
e6 Qg7 42. gxf3 Nxd5 43. Qxd5 bxc3 44. Bxc3 Qc7+ 45. Qe5+ 1-0

[Event "XII European Maccabi Games"]
[Site "Roma ITA"]
[Date "2007.07.06"]
[Round "2"]
[White "Szuhanek, Ranko"]
[Black "Fraas, Martin"]
[Result "1-0"]
[WhiteElo "2475"]
[BlackElo "2175"]
[PlyCount "47"]
[EventDate "2007.07.05"]

1. Nf3 Nf6 2. c4 e6 3. Nc3 d5 4. d4 Be7 5. Bg5 O-O 6. e3 h6 7. Bh4 Re8 8. Qc2
c5 9. Rd1 Nc6 10. dxc5 Qa5 11. Nd2 dxc4 12. Bxc4 Qxc5 13. O-O a6 14. Nce4 Nxe4
15. Nxe4 Qa5 16. Bxe7 Nxe7 17. a3 b5 18. Ba2 b4 19. Bb1 f5 20. Nd6 Rd8 21. axb4
Qb6 22. Nc4 Qc7 23. Ne5 Qb6 24. Qc5 1-0

[Event "XII European Maccabi Games"]
[Site "Roma ITA"]
[Date "2007.07.06"]
[Round "2"]
[White "Yuneev, Alexey"]
[Black "Gerasimenyk, Mikhaylo"]
[Result "0-1"]
[WhiteElo "2427"]
[BlackElo "2150"]
[PlyCount "38"]
[EventDate "2007.07.05"]

1. d4 Nf6 2. c4 d6 3. Nc3 c6 4. e4 e5 5. Nf3 Qc7 6. Be2 Be7 7. O-O h6 8. h3 g5
9. c5 Nbd7 10. cxd6 Bxd6 11. Be3 g4 12. hxg4 Nxg4 13. dxe5 Ndxe5 14. Bd4 Rg8
15. Rc1 Nxf3+ 16. Bxf3 Bh2+ 17. Kh1 Qe7 18. g3 Qg5 19. Kg2 Bxg3 0-1

[Event "XII European Maccabi Games"]
[Site "Roma ITA"]
[Date "2007.07.06"]
[Round "2"]
[White "Zaika, Alexey"]
[Black "Savchenko, Oleksiy"]
[Result "1/2-1/2"]
[WhiteElo "1400"]
[BlackElo "2100"]
[PlyCount "28"]
[EventDate "2007.07.05"]

1. d4 d5 2. c4 e6 3. Nc3 c5 4. cxd5 exd5 5. Nf3 Nc6 6. g3 c4 7. Bg2 Bb4 8. O-O
Nge7 9. Ne5 O-O 10. Nxc6 bxc6 11. e4 Be6 12. Bg5 f6 13. Be3 Kh8 14. Na4 Qa5
1/2-1/2

[Event "XII European Maccabi Games"]
[Site "Roma ITA"]
[Date "2007.07.08"]
[Round "3"]
[White "Angel, Harold Bernard"]
[Black "Lapidus, Mark"]
[Result "1-0"]
[WhiteElo "1400"]
[BlackElo "1821"]
[PlyCount "121"]
[EventDate "2007.07.05"]

1. d4 Nf6 2. Nc3 g6 3. e4 d6 4. f4 Bg7 5. Nf3 O-O 6. e5 dxe5 7. fxe5 Nd5 8. Bc4
c6 9. O-O Bf5 10. Nxd5 cxd5 11. Bd3 Bxd3 12. Qxd3 Nc6 13. c3 Qd7 14. Be3 Rac8
15. Qd2 Na5 16. Bh6 Nc4 17. Qc1 Qg4 18. h3 Qe4 19. Bxg7 Kxg7 20. Ng5 Qe3+ 21.
Qxe3 Nxe3 22. Rf3 Nc4 23. Raf1 h6 24. Rxf7+ Rxf7 25. Nxf7 e6 26. b3 Nd2 27. Nd6
Nxf1 28. Nxc8 Ng3 29. Nd6 Ne2+ 30. Kf2 Nxc3 31. Nxb7 Nxa2 32. Nc5 Kf7 33. Ke3
Nc3 34. Kd3 Nb5 35. Na4 Ke7 36. Nc3 Nc7 37. Ne2 Kd7 38. Nf4 g5 39. Nh5 Ke7 40.
g4 Kf7 41. Nf6 Nb5 42. Nd7 Ke7 43. Nb8 Kd8 44. Na6 Kd7 45. Nc5+ Ke7 46. b4 Nc7
47. Na4 Kd7 48. Nc5+ Kc6 49. Kc2 Kb5 50. Kb3 a5 51. bxa5 Kxa5 52. Nb7+ Kb6 53.
Nd8 Ka5 54. Kc3 Ka4 55. Nf7 Nb5+ 56. Kd3 Kb3 57. Nxh6 Nc3 58. Nf7 Ne4 59. Nd8
Nf2+ 60. Ke3 Nxh3 61. Nxe6 1-0

[Event "XII European Maccabi Games"]
[Site "Roma ITA"]
[Date "2007.07.08"]
[Round "3"]
[White "Avdeyeva, Viktoriya"]
[Black "Yuneev, Alexey"]
[Result "0-1"]
[WhiteElo "2063"]
[BlackElo "2427"]
[PlyCount "74"]
[EventDate "2007.07.05"]

1. e4 c5 2. d4 cxd4 3. c3 Nf6 4. e5 Nd5 5. Bc4 Qc7 6. Qe2 Nb6 7. Bb3 d3 8. Qxd3
Qxe5+ 9. Be3 e6 10. Nf3 Qh5 11. Nbd2 d5 12. O-O Be7 13. Bxb6 axb6 14. c4 O-O
15. cxd5 exd5 16. Rfe1 Bf6 17. Bxd5 Na6 18. Bc4 Bxb2 19. Rab1 Bf5 20. Ne4 Nc5
21. Qd5 Nxe4 22. Rxb2 Rad8 23. Qe5 Nd6 24. Bb3 Rfe8 25. Qc3 Be4 26. Bd1 Bxf3
27. gxf3 Qc5 28. Rxe8+ Rxe8 29. Qxc5 bxc5 30. Ba4 Re1+ 31. Kg2 Kf8 32. Rc2 b5
33. Rd2 Ke7 34. Bd1 c4 35. Be2 c3 36. Rc2 b4 37. Bd3 Ke6 0-1

[Event "XII European Maccabi Games"]
[Site "Roma ITA"]
[Date "2007.07.08"]
[Round "3"]
[White "Barokas, Avi"]
[Black "Herzfeld, Adam"]
[Result "0-1"]
[WhiteElo "1400"]
[BlackElo "1800"]
[PlyCount "94"]
[EventDate "2007.07.05"]

1. e4 e6 2. d4 d5 3. Nc3 Nf6 4. e5 Nfd7 5. Bd3 c5 6. Be3 cxd4 7. Bxd4 Nc6 8.
Bb5 Qg5 9. g3 a6 10. Bxc6 bxc6 11. f4 Qd8 12. Nf3 c5 13. Bf2 Bb7 14. Rg1 Qa5
15. Qd2 d4 16. Nxd4 cxd4 17. Bxd4 Bc5 18. Bxc5 Nxc5 19. O-O-O O-O 20. g4 Na4
21. Nxa4 Qxa4 22. a3 Bf3 23. Rdf1 Rfd8 24. Qe3 Rac8 25. c3 Be4 26. Rf2 Rd3 27.
Qe1 Rcxc3+ 28. bxc3 Qxa3+ 29. Rb2 Rxc3+ 30. Kd1 Qa1+ 31. Ke2 Qxb2+ 32. Qd2 Bf3+
33. Ke1 Rc1+ 34. Qxc1 Qxc1+ 35. Kf2 Qxg1+ 36. Kxg1 a5 37. Kf2 a4 38. Ke3 a3 39.
Kxf3 a2 40. Kg3 a1=Q 41. Kh4 Qe1+ 42. Kh3 Qe3+ 43. Kh4 Qxf4 44. h3 Qf2+ 45. Kh5
g6+ 46. Kg5 Kg7 47. h4 h6# 0-1

[Event "XII European Maccabi Games"]
[Site "Roma ITA"]
[Date "2007.07.08"]
[Round "3"]
[White "Burstein, Roman"]
[Black "Zaika, Alexey"]
[Result "1-0"]
[WhiteElo "2375"]
[BlackElo "1400"]
[PlyCount "43"]
[EventDate "2007.07.05"]

1. c4 Nf6 2. g3 e5 3. Bg2 d6 4. Nc3 g6 5. e3 Bg7 6. Nge2 c6 7. O-O Be6 8. b3
Qd7 9. d4 O-O 10. Ba3 Re8 11. d5 cxd5 12. Nxd5 e4 13. Nxf6+ Bxf6 14. Rc1 d5 15.
Nf4 d4 16. exd4 Bg4 17. Qc2 Qxd4 18. Nd5 Bg5 19. h3 Bf3 20. Bxf3 Bxc1 21. Qxc1
Re6 22. Bb2 1-0

[Event "XII European Maccabi Games"]
[Site "Roma ITA"]
[Date "2007.07.08"]
[Round "3"]
[White "Davidov, Samir Fatali Oglu"]
[Black "Kleiman, Boris"]
[Result "1-0"]
[WhiteElo "2314"]
[BlackElo "2337"]
[PlyCount "75"]
[EventDate "2007.07.05"]

1. e4 c5 2. f4 e6 3. Nc3 Nc6 4. d3 d5 5. Nf3 dxe4 6. Nxe4 Nge7 7. c3 Nf5 8. Be2
Be7 9. O-O b6 10. Ne5 Bb7 11. Bf3 Qc7 12. Qa4 Rc8 13. Ng3 Nxg3 14. hxg3 a5 15.
b4 axb4 16. cxb4 O-O 17. Bxc6 Bxc6 18. b5 Ra8 19. Qb3 Bd5 20. Qc2 Bf6 21. Bb2
Bxa2 22. g4 Bd5 23. g5 Be7 24. Ng4 Rxa1 25. Bxa1 Ra8 26. Qc3 Bf8 27. Bb2 Ra7
28. Nf6+ Kh8 29. Ne8 Qe7 30. Nxg7 f6 31. Nh5 Qf7 32. Nxf6 Bg7 33. Qe5 Ra8 34.
Qd6 Qb7 35. f5 exf5 36. Re1 Bxg2 37. Ne8 Qf7 38. Nxg7 1-0

[Event "XII European Maccabi Games"]
[Site "Roma ITA"]
[Date "2007.07.08"]
[Round "3"]
[White "De Vries, Joel"]
[Black "David, Dan"]
[Result "1-0"]
[WhiteElo "1700"]
[BlackElo "1400"]
[PlyCount "33"]
[EventDate "2007.07.05"]

1. e4 e5 2. Nf3 Qf6 3. Nc3 c6 4. Bc4 Bc5 5. d3 h6 6. O-O a5 7. Be3 Be7 8. a3 d6
9. h3 Qg6 10. Kh1 f5 11. exf5 Bxf5 12. Qd2 Bd7 13. Rfe1 Bf6 14. g4 Bxg4 15.
hxg4 Qxg4 16. Nh2 d5 17. Nxg4 1-0

[Event "XII European Maccabi Games"]
[Site "Roma ITA"]
[Date "2007.07.08"]
[Round "3"]
[White "Fraas, Martin"]
[Black "Ni, Polina"]
[Result "1-0"]
[WhiteElo "2175"]
[BlackElo "1963"]
[PlyCount "50"]
[EventDate "2007.07.05"]

1. e4 Nf6 2. e5 Nd5 3. Nf3 d6 4. exd6 exd6 5. Nc3 Nb6 6. d4 Bg4 7. Qd3 Nc6 8.
Be2 Qd7 9. d5 Bxf3 10. Qxf3 Ne5 11. Qe4 f5 12. Qb4 O-O-O 13. Be3 Kb8 14. Bxb6
cxb6 15. a4 Qc7 16. a5 Qc5 17. Qh4 Re8 18. axb6 Qxb6 19. O-O Be7 20. Qa4 h5 21.
Ra3 Bd8 22. Nb5 Ng4 23. Bxg4 hxg4 24. Nxa7 Re4 25. Qd7 Re7 1-0

[Event "XII European Maccabi Games"]
[Site "Roma ITA"]
[Date "2007.07.08"]
[Round "3"]
[White "Gabovits, Illia"]
[Black "Klein, David"]
[Result "0-1"]
[WhiteElo "1400"]
[BlackElo "2013"]
[PlyCount "88"]
[EventDate "2007.07.05"]

1. d4 Nf6 2. Nf3 g6 3. Bg5 Bg7 4. e3 d5 5. c3 Bf5 6. Bd3 Bxd3 7. Qxd3 c6 8.
Nbd2 Nbd7 9. O-O O-O 10. Ne5 Nxe5 11. dxe5 Nd7 12. f4 f6 13. exf6 exf6 14. Bh4
Qb6 15. Nb3 Rfe8 16. Bf2 Nc5 17. Nxc5 Qxc5 18. f5 Re4 19. b4 Qc4 20. Qxc4 Rxc4
21. Rac1 a5 22. a3 axb4 23. axb4 Ra3 24. Be1 Bh6 25. Rf3 Kf7 26. Kh1 Re4 27.
Bd2 Bf8 28. fxg6+ hxg6 29. Rcf1 f5 30. h3 Ra2 31. Be1 Re2 32. g4 R2xe3 33. Rxe3
Rxe3 34. gxf5 g5 35. Kg2 Bd6 36. Bd2 Re2+ 37. Rf2 Rxf2+ 38. Kxf2 Kf6 39. Kf3
Kxf5 40. Be3 Be5 41. Bd4 Bxd4 42. cxd4 b6 43. Ke3 g4 44. hxg4+ Kxg4 0-1

[Event "XII European Maccabi Games"]
[Site "Roma ITA"]
[Date "2007.07.08"]
[Round "3"]
[White "Gerasimenyk, Mikhaylo"]
[Black "Khukhashvili, Sopiko"]
[Result "0-1"]
[WhiteElo "2150"]
[BlackElo "2392"]
[PlyCount "100"]
[EventDate "2007.07.05"]

1. d4 Nf6 2. Nf3 e6 3. Bg5 h6 4. Bh4 g5 5. Bg3 d6 6. c4 Bg7 7. Nc3 Nh5 8. e3
Qe7 9. Bd3 a6 10. Rc1 Nxg3 11. hxg3 Nd7 12. Qc2 b6 13. b4 Bb7 14. Be4 Bxe4 15.
Qxe4 O-O 16. Nd5 Qd8 17. Nc3 c5 18. b5 axb5 19. Nxb5 cxd4 20. exd4 d5 21. Qe2
Nf6 22. O-O dxc4 23. Rxc4 Ra5 24. Nc7 Nd5 25. Rfc1 Nxc7 26. Rxc7 Qd5 27. R1c4
Qf5 28. Qc2 Qxc2 29. Rxc2 g4 30. Ne5 Bxe5 31. dxe5 Rxe5 32. R2c4 Rg5 33. Rb7
Rd8 34. Kf1 Rd1+ 35. Ke2 Ra1 36. Rxb6 Rxa2+ 37. Ke3 Re5+ 38. Kf4 Rf5+ 39. Kxg4
Rfxf2 40. Rf4 Rxf4+ 41. gxf4 Rxg2+ 42. Kf3 Rg1 43. Kf2 Rg6 44. Kf3 Kg7 45. Rb1
h5 46. Rb5 Kh6 47. Rb8 Rg7 48. Rh8+ Kg6 49. Ke4 Rh7 50. Rg8+ Kf6 0-1